General Knowledge #4 - Statistics

General Stats
  • This quiz has been taken 24 times
  • The average score is 8 of 10
Answer Stats
Hint Answer % Correct
What is the smallest country in the world by land area? Vatican City
100%
Which country invented paper? China
96%
Which planet has the most moons? Saturn
91%
Which blood type is known as the universal donor? O negative
87%
What is the square root of 144? 12
83%
What year did the Berlin Wall fall? 1989
83%
Who was the first woman to win a Nobel Prize? Marie Curie
83%
Who wrote 1984? George Orwell
78%
What is the capital of Kazakhstan? Astana
52%
In computing, what does “CPU” stand for? Central Processing Unit
39%
No matching quizzes found
Score Distribution
Percent of People with Each Score
Percentile by Number Answered
Your Score History
You have not taken this quiz